| 000 | 01137ngm a2200277 a 4500 | ||
|---|---|---|---|
| 005 | 20210223123408.0 | ||
| 008 | 991125s1980 mx 120 aaspa u | ||
| 035 | _aUPN01000052629 | ||
| 049 | _aAV | ||
| 050 | 4 | _aPVI AC 713 | |
| 245 | 0 | 0 | _aSale y vale, 4. |
| 260 |
_aMéxico : _bCNCA : _bSEP, _c[198-]. |
||
| 300 |
_a1 videocasete (VHS) (120 min.) ; _bson., col. |
||
| 440 | 0 |
_aSale y vale ; _v4 |
|
| 505 | 8 |
_aContenido: _tLa energía eléctrica -- _tOrigen del Himno Nacional -- _tYo y mi comunidad -- _tEl niño, la familia y la casa |
|
| 520 | _aLos amigos de la pandilla tienen una interrupción de energía eléctrica en su club, por ello se dedican a investigar sobre este tema y también sobre su comunidad, el origen del himno nacional y la familia | ||
| 650 | 4 |
_aCANCIONES NACIONALES MEXICANAS _95895 |
|
| 650 | 4 |
_aCOMUNIDAD, ORGANIZACION DE LA _98907 |
|
| 650 | 4 |
_aELECTRIFICACION _920227 |
|
| 650 | 4 |
_aVIDA FAMILIAR - _xEDUCACION _915116 |
|
| 740 | 3 | _aLa energía eléctrica | |
| 740 | 0 | _aOrigen del Himno Nacional | |
| 740 | 0 | _aYo y mi comunidad | |
| 740 | 3 | _aEl niño, la familia y la casa | |
| 905 | _aAudiovisuales | ||
| 999 |
_c52629 _d52629 |
||